Patrologiae Cursus Completus

Uloženo v:
Podrobná bibliografie
Hlavní autor: Migne, Jacques-Paul (autor)
Médium: Kniha
Jazyk:latina
Vydáno: París Venit Apud 1850
Vydání:1a. ed
Edice:Series Secunda
Témata:
Tagy: Přidat tag
Žádné tagy, Buďte první, kdo vytvoří štítek k tomuto záznamu!

MARC

LEADER 00000cam a2200000 a 4500
001 UCD2117
003 CL-VaPUC
008 160414e18500000fr |||||||||||||||||lat|d
082 0 4 |a 270  |b MIG  |2 21 
100 |a Migne, Jacques-Paul  |e autor  |9 585378 
245 1 0 |a Patrologiae Cursus Completus 
250 |a 1a. ed 
300 |a t 
942 |c BK 
945 |d 20160414 22:20:00  |a dcastane 
260 |a París  |b Venit Apud  |c 1850 
500 |a t.85: siglo 7. Liturgia Mozarabica. Missale Mixtum, Breviarum Gothicum. vol.1 
500 |a t.86: siglo 7. Liturgia Mozarabica. Missale Mixtum, Breviarum Gothicum. vol.2 
500 |a t.87: siglo 7. Scriptorum Ecclesiasticorum. Opera Omnia 
500 |a t.88: siglo 7. Venantii Fortunati Pictaviensis Episcopi. Opera Omnia 
500 |a t.89: siglo 8. Ecclesiastici Scriptores. Opera Omnia 
500 |a t.90: siglo 8. Venerabilis Bedae. Opera Omnia. vol.1 
500 |a t.91: siglo 8. Venerabilis Bedae. Opera Omnia. vol.2 
500 |a t.92: siglo 8. Venerabilis Bedae. Opera Omnia. vol.3 
500 |a t.93: siglo 8. Venerabilis Bedae. Opera Omnia. vol.4 
500 |a t.94: siglo 8. Venerabilis Bedae. Opera Omnia. vol.5 
500 |a t.95: siglo 8. Venerabilis Bedae. Opera Omnia. vol.6 
500 |a t.96: siglo 8. Sanctorum Hildefonsi, Leodegarii, Juiani. Opera Omnia 
500 |a t.97: siglo 9. Carolini Scriptores. B. Caroli Magni.Opera Omnia. vol.1 
500 |a t.98: siglo 9. Carolini Scriptores. B. Caroli Magni.Opera Omnia. vol.2 
500 |a t.99: siglo 9. Sancti Paulini. Opera Omnia 
500 |a t.100. siglo 9. B. Flacci Albini. Alcuini. Opera Omnia. vol.1 
500 |a t.101. siglo 9. B. Flacci Albini. Alcuini. Opera Omnia. vol.2 
500 |a t.102: siglo 9. Smaragdi.Opera Omnia 
500 |a t.103: siglo 9. S. Benedicti. Abbatis Anianensis. Opera Omnia 
500 |a t.104: siglo 9. S. Agobardi. Lugdunensis Episcopi, Eginhardi Abbatis. Opera Omnia 
500 |a t.105: siglo 9. Theodulfi Aurelaniensis Episcopi.Opera Omnia 
500 |a t.106: siglo 9. Gregorio IV, Sergii II. Opera Omnia 
500 |a t.107: siglo 9. B. Rabani Mauri. Opera Omnia. vol.1 
500 |a t.108: siglo 9. B. Rabani Mauri. Opera Omnia. vol.2 
500 |a t.109: siglo 9. B. Rabani Mauri. Opera Omnia. vol.3 
500 |a t.110: siglo 9. B. Rabani Mauri. Opera Omnia. vol.4 
500 |a t.111: siglo 9. B. Rabani Mauri. Opera Omnia. vol.5 
500 |a t.112: siglo 9. B. Rabani Mauri. Opera Omnia. vol.6 
500 |a t.113: siglo 9. Walafridi Strabi. Fuldensis Monachi. Opera Omnia. vol.1 
500 |a t.114: siglo 9. Walafridi Strabi. Fuldensis Monachi. Opera Omnia. vol.2 
500 |a t.115: siglo 9. Leonis IV, Benedicti III. Opera Omnia 
500 |a t.116: siglo 9. Haymonis. Halberstatensis Episcopi. Opera Omnia. vol.1 
500 |a t.117: siglo 9. Haymonis. Halberstatensis Episcopi. Opera Omnia. vol.2 
500 |a t.118: siglo 9. Haymonis. Halberstatensis Episcopi. Opera Omnia. vol.3 
500 |a t.119: siglo 9. Nicolai I. Epistolae et decreta. Opera Omnia 
600 0 7 |a SAN PAULINO  |2 CL-VaPUC  |9 558830 
600 0 7 |a JULIANO  |2 CL-VaPUC  |9 520307 
600 0 7 |a CARLO MAGNO  |2 CL-VaPUC  |9 550324 
600 0 7 |a LEON IV  |2 CL-VaPUC  |9 432900 
600 0 7 |a BENEDICTO III  |2 CL-VaPUC  |9 558845 
600 0 7 |a NICOLAS I  |2 CL-VaPUC  |9 444170 
650 0 |a Liturgia católica  |9 516111 
650 0 |a Patrología  |9 349346 
650 0 |a Padres de la Iglesia  |9 313352 
583 |a last modification  |c 20160414 22:20:00  |k Rodrigo Vera 
490 0 |a Series Secunda 
999 |c 363312  |d 363310 
952 |0 0  |1 0  |3 erd  |4 0  |6 270_000000000000000_MIG_1850  |7 0  |8 X  |9 475313  |a BIBTEO  |b BIBTEO  |c TEO_FFR  |h t.85  |i 5222036  |o 270 MIG 1850  |p 5222036  |r 2024-01-18  |w 2019-11-24  |y BK_X  |z Catalogado en:20160414  |k OFM 
952 |0 0  |1 0  |3 erd  |4 0  |6 270_000000000000000_MIG_1850  |7 0  |8 X  |9 475314  |a BIBTEO  |b BIBTEO  |c TEO_FFR  |h t.86  |i 5222044  |o 270 MIG 1850  |p 5222044  |r 2024-01-18  |w 2019-11-24  |y BK_X  |z Catalogado en:20160414  |k OFM 
952 |0 0  |1 0  |3 erd  |4 0  |6 270_000000000000000_MIG_1850  |7 0  |8 X  |9 475315  |a BIBTEO  |b BIBTEO  |c TEO_FFR  |h t.87  |i 5222052  |o 270 MIG 1850  |p 5222052  |r 2024-01-18  |w 2019-11-24  |y BK_X  |z Catalogado en:20160414  |k OFM 
952 |0 0  |1 0  |3 erd  |4 0  |6 270_000000000000000_MIG_1850  |7 0  |8 X  |9 475316  |a BIBTEO  |b BIBTEO  |c TEO_FFR  |h t.88  |i 5222060  |o 270 MIG 1850  |p 5222060  |r 2024-01-18  |w 2019-11-24  |y BK_X  |z Catalogado en:20160414  |k OFM 
952 |0 0  |1 0  |3 erd  |4 0  |6 270_000000000000000_MIG_1850  |7 0  |8 X  |9 475317  |a BIBTEO  |b BIBTEO  |c TEO_FFR  |h t.89  |i 5222079  |o 270 MIG 1850  |p 5222079  |r 2024-01-18  |w 2019-11-24  |y BK_X  |z Catalogado en:20160414  |k OFM 
952 |0 0  |1 0  |3 erd  |4 0  |6 270_000000000000000_MIG_1850  |7 0  |8 X  |9 475318  |a BIBTEO  |b BIBTEO  |c TEO_FFR  |h t.90  |i 5222087  |o 270 MIG 1850  |p 5222087  |r 2024-01-18  |w 2019-11-24  |y BK_X  |z Catalogado en:20160414  |k OFM 
952 |0 0  |1 0  |3 erd  |4 0  |6 270_000000000000000_MIG_1850  |7 0  |8 X  |9 475319  |a BIBTEO  |b BIBTEO  |c TEO_FFR  |h t.91  |i 5222095  |o 270 MIG 1850  |p 5222095  |r 2024-01-18  |w 2019-11-24  |y BK_X  |z Catalogado en:20160414  |k OFM 
952 |0 0  |1 0  |3 erd  |4 0  |6 270_000000000000000_MIG_1850  |7 0  |8 X  |9 475320  |a BIBTEO  |b BIBTEO  |c TEO_FFR  |h t.92  |i 5222109  |o 270 MIG 1850  |p 5222109  |r 2024-01-18  |w 2019-11-24  |y BK_X  |z Catalogado en:20160414  |k OFM 
952 |0 0  |1 0  |3 erd  |4 0  |6 270_000000000000000_MIG_1850  |7 0  |8 X  |9 475321  |a BIBTEO  |b BIBTEO  |c TEO_FFR  |h t.93  |i 5222117  |o 270 MIG 1850  |p 5222117  |r 2024-01-18  |w 2019-11-24  |y BK_X  |z Catalogado en:20160414  |k OFM 
952 |0 0  |1 0  |3 erd  |4 0  |6 270_000000000000000_MIG_1850  |7 0  |8 X  |9 475322  |a BIBTEO  |b BIBTEO  |c TEO_FFR  |h t.94  |i 5222125  |o 270 MIG 1850  |p 5222125  |r 2024-01-18  |w 2019-11-24  |y BK_X  |z Catalogado en:20160414  |k OFM 
952 |0 0  |1 0  |3 erd  |4 0  |6 270_000000000000000_MIG_1850  |7 0  |8 X  |9 475323  |a BIBTEO  |b BIBTEO  |c TEO_FFR  |h t.95  |i 5222133  |o 270 MIG 1850  |p 5222133  |r 2024-01-18  |w 2019-11-24  |y BK_X  |z Catalogado en:20160414  |k OFM 
952 |0 0  |1 0  |3 erd  |4 0  |6 270_000000000000000_MIG_1850  |7 0  |8 X  |9 475324  |a BIBTEO  |b BIBTEO  |c TEO_FFR  |h t.96  |i 5222141  |o 270 MIG 1850  |p 5222141  |r 2024-01-18  |w 2019-11-24  |y BK_X  |z Catalogado en:20160414  |k OFM 
952 |0 0  |1 0  |3 erd  |4 0  |6 270_000000000000000_MIG_1850  |7 0  |8 X  |9 475325  |a BIBTEO  |b BIBTEO  |c TEO_FFR  |h t.97  |i 522215K  |o 270 MIG 1850  |p 522215K  |r 2024-01-18  |w 2019-11-24  |y BK_X  |z Catalogado en:20160414  |k OFM 
952 |0 0  |1 0  |3 erd  |4 0  |6 270_000000000000000_MIG_1850  |7 0  |8 X  |9 475326  |a BIBTEO  |b BIBTEO  |c TEO_FFR  |h t.98  |i 5222168  |o 270 MIG 1850  |p 5222168  |r 2024-01-18  |w 2019-11-24  |y BK_X  |z Catalogado en:20160414  |k OFM 
952 |0 0  |1 0  |3 erd  |4 0  |6 270_000000000000000_MIG_1850  |7 0  |8 X  |9 475327  |a BIBTEO  |b BIBTEO  |h t.99  |i 5222176  |o 270 MIG 1850  |p 5222176  |r 2024-01-18  |w 2019-11-24  |y BK_X  |z Catalogado en:20160414  |k OFM 
952 |0 0  |1 0  |3 erd  |4 0  |6 270_000000000000000_MIG_1850  |7 0  |8 X  |9 475328  |a BIBTEO  |b BIBTEO  |h t.100  |i 5222184  |o 270 MIG 1850  |p 5222184  |r 2024-01-18  |w 2019-11-24  |y BK_X  |z Catalogado en:20160414  |k OFM 
952 |0 0  |1 0  |3 erd  |4 0  |6 270_000000000000000_MIG_1850  |7 0  |8 X  |9 475329  |a BIBTEO  |b BIBTEO  |h t.101  |i 5222192  |o 270 MIG 1850  |p 5222192  |r 2024-01-18  |w 2019-11-24  |y BK_X  |z Catalogado en:20160414  |k OFM 
952 |0 0  |1 0  |3 erd  |4 0  |6 270_000000000000000_MIG_1850  |7 0  |8 X  |9 475330  |a BIBTEO  |b BIBTEO  |h t.102  |i 5222206  |o 270 MIG 1850  |p 5222206  |r 2024-01-18  |w 2019-11-24  |y BK_X  |z Catalogado en:20160414  |k OFM 
952 |0 0  |1 0  |3 erd  |4 0  |6 270_000000000000000_MIG_1850  |7 0  |8 X  |9 475331  |a BIBTEO  |b BIBTEO  |h t.103  |i 5222214  |o 270 MIG 1850  |p 5222214  |r 2024-01-18  |w 2019-11-24  |y BK_X  |z Catalogado en:20160414  |k OFM 
952 |0 0  |1 0  |3 erd  |4 0  |6 270_000000000000000_MIG_1850  |7 0  |8 X  |9 475332  |a BIBTEO  |b BIBTEO  |h t.104  |i 5222222  |o 270 MIG 1850  |p 5222222  |r 2024-01-18  |w 2019-11-24  |y BK_X  |z Catalogado en:20160414  |k OFM 
952 |0 0  |1 0  |3 erd  |4 0  |6 270_000000000000000_MIG_1850  |7 0  |8 X  |9 475333  |a BIBTEO  |b BIBTEO  |h t.105  |i 5222230  |o 270 MIG 1850  |p 5222230  |r 2024-01-18  |w 2019-11-24  |y BK_X  |z Catalogado en:20160414  |k OFM 
952 |0 0  |1 0  |3 erd  |4 0  |6 270_000000000000000_MIG_1850  |7 0  |8 X  |9 475334  |a BIBTEO  |b BIBTEO  |h t.106  |i 5222249  |o 270 MIG 1850  |p 5222249  |r 2024-01-18  |w 2019-11-24  |y BK_X  |z Catalogado en:20160414  |k OFM 
952 |0 0  |1 0  |3 erd  |4 0  |6 270_000000000000000_MIG_1850  |7 0  |8 X  |9 475335  |a BIBTEO  |b BIBTEO  |h t.107  |i 5222257  |o 270 MIG 1850  |p 5222257  |r 2024-01-18  |w 2019-11-24  |y BK_X  |z Catalogado en:20160414  |k OFM 
952 |0 0  |1 0  |3 erd  |4 0  |6 270_000000000000000_MIG_1850  |7 0  |8 X  |9 475336  |a BIBTEO  |b BIBTEO  |h t.108  |i 5222265  |o 270 MIG 1850  |p 5222265  |r 2024-01-18  |w 2019-11-24  |y BK_X  |z Catalogado en:20160414  |k OFM 
952 |0 0  |1 0  |3 erd  |4 0  |6 270_000000000000000_MIG_1850  |7 0  |8 X  |9 475337  |a BIBTEO  |b BIBTEO  |h t.109  |i 5222273  |o 270 MIG 1850  |p 5222273  |r 2024-01-18  |w 2019-11-24  |y BK_X  |z Catalogado en:20160414  |k OFM 
952 |0 0  |1 0  |3 erd  |4 0  |6 270_000000000000000_MIG_1850  |7 0  |8 X  |9 475338  |a BIBTEO  |b BIBTEO  |h t.110  |i 5222281  |o 270 MIG 1850  |p 5222281  |r 2024-01-18  |w 2019-11-24  |y BK_X  |z Catalogado en:20160414  |k OFM 
952 |0 0  |1 0  |3 erd  |4 0  |6 270_000000000000000_MIG_1850  |7 0  |8 X  |9 475339  |a BIBTEO  |b BIBTEO  |h t.111  |i 522229K  |o 270 MIG 1850  |p 522229K  |r 2024-01-18  |w 2019-11-24  |y BK_X  |z Catalogado en:20160414  |k OFM 
952 |0 0  |1 0  |3 erd  |4 0  |6 270_000000000000000_MIG_1850  |7 0  |8 X  |9 475340  |a BIBTEO  |b BIBTEO  |h t.112  |i 5222303  |o 270 MIG 1850  |p 5222303  |r 2024-01-18  |w 2019-11-24  |y BK_X  |z Catalogado en:20160414  |k OFM 
952 |0 0  |1 0  |3 erd  |4 0  |6 270_000000000000000_MIG_1850  |7 0  |8 X  |9 475341  |a BIBTEO  |b BIBTEO  |h t.113  |i 5222311  |o 270 MIG 1850  |p 5222311  |r 2024-01-18  |w 2019-11-24  |y BK_X  |z Catalogado en:20160414  |k OFM 
952 |0 0  |1 0  |3 erd  |4 0  |6 270_000000000000000_MIG_1850  |7 0  |8 X  |9 475342  |a BIBTEO  |b BIBTEO  |h t.114  |i 522232K  |o 270 MIG 1850  |p 522232K  |r 2024-01-18  |w 2019-11-24  |y BK_X  |z Catalogado en:20160414  |k OFM 
952 |0 0  |1 0  |3 erd  |4 0  |6 270_000000000000000_MIG_1850  |7 0  |8 X  |9 475343  |a BIBTEO  |b BIBTEO  |h t.115  |i 5222338  |o 270 MIG 1850  |p 5222338  |r 2024-01-18  |w 2019-11-24  |y BK_X  |z Catalogado en:20160414  |k OFM 
952 |0 0  |1 0  |3 erd  |4 0  |6 270_000000000000000_MIG_1850  |7 0  |8 X  |9 475344  |a BIBTEO  |b BIBTEO  |h t.116  |i 5222346  |o 270 MIG 1850  |p 5222346  |r 2024-01-18  |w 2019-11-24  |y BK_X  |z Catalogado en:20160414  |k OFM 
952 |0 0  |1 0  |3 erd  |4 0  |6 270_000000000000000_MIG_1850  |7 0  |8 X  |9 475345  |a BIBTEO  |b BIBTEO  |h t.117  |i 5222354  |o 270 MIG 1850  |p 5222354  |r 2024-01-18  |w 2019-11-24  |y BK_X  |z Catalogado en:20160414  |k OFM 
952 |0 0  |1 0  |3 erd  |4 0  |6 270_000000000000000_MIG_1850  |7 0  |8 X  |9 475346  |a BIBTEO  |b BIBTEO  |h t.118  |i 5222362  |o 270 MIG 1850  |p 5222362  |r 2024-01-18  |w 2019-11-24  |y BK_X  |z Catalogado en:20160414  |k OFM 
952 |0 0  |1 0  |3 erd  |4 0  |6 270_000000000000000_MIG_1850  |7 0  |8 X  |9 475347  |a BIBTEO  |b BIBTEO  |h t.119  |i 5222370  |o 270 MIG 1850  |p 5222370  |r 2024-01-18  |w 2019-11-24  |y BK_X  |z Catalogado en:20160414  |k OFM 
952 |0 0  |1 0  |3 erd  |4 0  |6 270_000000000000000_MIG_1850  |7 0  |8 X  |9 475348  |a BIBTEO  |b BIBTEO  |c TEO_FFR  |h t.83  |i 5239028  |o 270 MIG 1850  |p 5239028  |r 2024-01-18  |w 2019-11-24  |y BK_X  |z Catalogado en:20160616  |k OFM